Entry Personal Name
Number of records used in: 3
001 - CONTROL NUMBER
003 - CONTROL NUMBER IDENTIFIER
005 - DATE AND TIME OF LATEST TRANSACTION
- control field:
20191231113629.0
008 - FIXED-LENGTH DATA ELEMENTS
- fixed length control field:
800522n| azannaabn |n aaa
010 ## - LIBRARY OF CONGRESS CONTROL NUMBER
- LC control number:
n 50012042
035 ## - SYSTEM CONTROL NUMBER
- System control number:
(OCoLC)oca00047535
040 ## - CATALOGING SOURCE
- Original cataloging agency:
DLC
- Language of cataloging:
eng
- Description conventions:
rda
- Transcribing agency:
DLC
- Modifying agency:
IEN
- Modifying agency:
MdRoLAC
046 ## - SPECIAL CODED DATES
- Birth date:
1942
- Source of date scheme:
edtf
100 1# - HEADING--PERSONAL NAME
- Personal name:
Fair, Ray C.
371 ## - ADDRESS
- Electronic mail address:
ray.fair@yale.edu
670 ## - SOURCE DATA FOUND
- Source citation:
His The short-run demand for workers ... 1969.
670 ## - SOURCE DATA FOUND
- Source citation:
Info. converted from 678, 2012-10-02
- Information found:
(b. 1942; Ph.D. economics)
670 ## - SOURCE DATA FOUND
- Source citation:
Case, Karl E. Principles of macroeconomics, 2019:
- Information found:
eCIP t.p. (Fair) data view (Fair, Ray C ; email: ray.fair@yale.edu)